000 00923nam a2200241 i 4500
001 bg
245 0 0 _aUboczne produkty dezynfekcji wody :
_bpraca zbiorowa /
_cpod kier. Jana Dojlido.
260 _aWarszawa :
_bPolskie Zrzeszenie Inżynierów i Techników Sanitarnych,
_c2002.
300 _a184 s. :
_bil. ;
_c24 cm.
490 1 _aMonografie. Wodociągi i Kanalizacja ;
_vnr 9
504 _aBibliogr. przy rozdz.
650 9 _aWoda
_xchemia
_xbadanie
_xmetody
700 1 _aDojlido, Jan Ryszard
_d(1930- ).
_eRed.
830 0 _aMonografie.
_pWodociągi i Kanalizacja
020 _a8387792217
040 _cBPK
041 0 _apl
080 _a628.1:543
920 _a83-87792-21-7
942 _cKS
008 s pl f |000 0 pol
999 _c41803
_d41803
856 _uhttp://koha.tu.koszalin.pl/cgi-bin/koha/opac-detail.pl?biblionumber=41803
_yKatalog online BPK